000
00487nam a2200169Ia 4500
008
090122s9999 xx 000 0 und d
082
_b
3196
_a
891.4683
100
_a
राजाध्यक्ष
_b
विजया
245
_a
समांतर
260
_b
मॅजेस्टिक
300
_a
175
600
_a
राजाध्यक्ष
630
_a
समांतर
700
_a
राजाध्यक्ष
730
_a
समांतर
942
_c
BOOK
999
_c
27274
_d
27274